Doctor Who Aliens - Sudden Death - Statistics

General Stats
  • This quiz has been taken 128 times
  • The average score is 10 of 18
Answers on the Grid
Answers color-coded by a green-red scale on the quiz's grid according to % correct below.
Daleks
Borg
Zygons
Racnoss
Ferengi
Ood
Hutts
Decepticons
Minbari
Krynoids
Cybermen
Judoon
Saiyans
Ogrons
Macra
Ice Warriors
Gungans
Vashta Nerada
Wirrn
Romulans
Silents
Axons
Asari
Tamaraneans
Narn
Autons
Thanagarians
Quarians
Sontarans
Weeping Angels
Rutan
Kree
 
Answer Stats
Answer % Correct
Daleks
98%
Ood
81%
Cybermen
80%
Weeping Angels
76%
Zygons
76%
Sontarans
67%
Judoon
64%
Ice Warriors
62%
Vashta Nerada
58%
Racnoss
52%
Autons
50%
Silents
46%
Axons
42%
Macra
42%
Krynoids
27%
Ogrons
27%
Rutan
25%
Wirrn
21%
No matching quizzes found
Score Distribution
Percent of People with Each Score
Percentile by Number Answered
Your Score History
You have not taken this quiz